000 00689cam a2200241 a 4500
008
020 _a9781847879561 (pbk.)
049 _aMAIN
090 _aRC86.7
_bMUL
100 1 _aMulryan, Chris.
245 1 0 _aAcute illness management /
_cChris Mulryan.
260 _aLos Angeles :
_bSAGE,
_c2011.
300 _axv, 221 p. :
_bill. ;
_c25 cm.
504 _aIncludes bibliographical references.
500 _aIncludes index.
650 0 _aCritical care medicine.
650 1 2 _aCritical Care
_xmethods.
907 _a.b10336199
_b28-10-13
_c25-10-13
003
005 20230123122033.0
040 _cNUST
942 _cBOOKS
_kRC86.7
_mMUL
999 _c126712
_d126712